Complete the Titles of Songs by Elton John - Statistics

General Stats
  • This quiz has been taken 146 times
  • The average score is 13 of 15
Answer Stats
Answer % Correct
Rocket {Man}
100%
Don’t Go Breaking My {Heart}
99%
Goodbye Yellow Brick {Road}
98%
Tiny {Dancer}
98%
Crocodile {Rock}
97%
Don’t Let The Sun Go Down On {Me}
97%
Your {Song}
95%
Bennie and the {Jets}
94%
Candle In The {Wind}
94%
The Bitch Is {Back}
89%
Saturday Night’s Alright For {Fighting}
81%
Someone Saved My Life {Tonight}
73%
Honky {Cat}
72%
Philadelphia {Freedom}
64%
Step Into {Christmas}
41%
No matching quizzes found
Score Distribution
Percent of People with Each Score
Percentile by Number Answered
Your Score History
You have not taken this quiz